000 00883cam a2200193 4500
001 WB@3612-144
008 041005n2004 000 0 eng u
035 _a(Sirsi) u127629
245 _aInstitutions return to commercial property
260 _c2004
490 _aEstates Gazette
_v(0440) 2 October 2004, 41(1)
520 _aBritish institutional investors have returned to UK commercial property causing fears that increased money chasing a deficit of investment grade stock will lead to yields falling to unsustainably low levels. Second quarter 2004 official statistics show institutions to be £485m net investors in the commercial property market, the first positive net investment since the second quarter 2003.
590 _aWB
590 _aWB
650 _aINSTITUTIONAL INVESTORS
650 _aYIELDS
690 _aCOMMERCIAL PROPERTY-INVESTMENT
942 _n0
999 _c118125
_d118125